000 01206nam a2200241Ia 4500
008 0000001985 sp ad 0000000000spa00
020 _a8486089174
090 _aPSP00 G17a1
100 1 _aGarcía, Aurora
245 1 0 _aAlexanco ; pinturas 1985
_c/ textos de Aurora García y Javier Segui de la Riva ; traducción Frank Boss ; fotografías Antonio Zafra, Jose Luis Alexanco, Nieves González
300 _a97 p.
_c/ 30 cm.
500 _aTexto bilingue : español inglés \ Registro auspiciado por la FGAA. Bogotá
501 _aAleXanco : trabajando en Navalagamella (Madrid) = AleXanco working in Navalagamella (Madrid) / Nieves González Notas sobre el último trabajo de AleXanco = Some notes on AleXanco's latest work / Jesús Segui de la Riva
600 0 0 _aALEXANCO, JOSE LUIS, 1942/
_xTRABAJOS PICTORICOS
650 1 4 _aARTE CONTEMPORANEO ESPAÑOL
650 1 4 _aARTISTAS PLASTICOS ESPAÑOLES
650 1 4 _xCATALOGOS
650 1 4 _aPINTORES ESPAÑOLES
650 1 4 _aPINTURA ACRILICA (ARTE)
650 1 4 _aPINTURA ESPAÑOLA
700 1 _aSegui de la Riva, Javier \ Boss, Frank \ Zafra, Antonio \ González, Nieves
999 _c11169
_d11169
260 _aMadrid : Galería Fernando Vijande
_c1985